<?xml version="1.0" encoding="UTF-8"?>
<record
    xmlns:xsi="http://www.w3.org/2001/XMLSchema-instance"
    xsi:schemaLocation="http://www.loc.gov/MARC21/slim http://www.loc.gov/standards/marcxml/schema/MARC21slim.xsd"
    xmlns="http://www.loc.gov/MARC21/slim">

  <leader>00814nam a22002417a 4500</leader>
  <datafield tag="952" ind1=" " ind2=" ">
    <subfield code="a">0001</subfield>
    <subfield code="b">0001</subfield>
    <subfield code="d">2023-04-24</subfield>
    <subfield code="l">0</subfield>
    <subfield code="o">956.521 K26 2012</subfield>
    <subfield code="p">020798</subfield>
    <subfield code="r">2023-04-24 00:00:00</subfield>
    <subfield code="t">C.1</subfield>
    <subfield code="w">2023-04-24</subfield>
    <subfield code="y">BKS</subfield>
  </datafield>
  <datafield tag="999" ind1=" " ind2=" ">
    <subfield code="c">15210</subfield>
    <subfield code="d">15210</subfield>
  </datafield>
  <controlfield tag="003">MIRAKIL</controlfield>
  <controlfield tag="005">20230424124537.0</controlfield>
  <controlfield tag="008">230424b        tu ||||| |||| 00| 0 tur d</controlfield>
  <datafield tag="020" ind1=" " ind2=" ">
    <subfield code="a">9789759209421 (1.c.)</subfield>
  </datafield>
  <datafield tag="040" ind1=" " ind2=" ">
    <subfield code="a">TR-AnCHP</subfield>
    <subfield code="c">TR-AnCHP</subfield>
  </datafield>
  <datafield tag="041" ind1=" " ind2=" ">
    <subfield code="a">tur</subfield>
  </datafield>
  <datafield tag="082" ind1=" " ind2=" ">
    <subfield code="a">956.521</subfield>
    <subfield code="b">K26 2012</subfield>
  </datafield>
  <datafield tag="245" ind1="1" ind2="0">
    <subfield code="a">Karatay : </subfield>
    <subfield code="b">tarih-k&#xFC;lt&#xFC;r-sanat / </subfield>
    <subfield code="c">edit&#xF6;rler: Yusuf K&#xFC;&#xE7;&#xFC;kda&#x11F;, Ya&#x15F;ar Erdemir, Bekir &#x15E;ahin.</subfield>
  </datafield>
  <datafield tag="246" ind1=" " ind2=" ">
    <subfield code="a">tarih-k&#xFC;lt&#xFC;r-sanat </subfield>
  </datafield>
  <datafield tag="260" ind1=" " ind2=" ">
    <subfield code="a"> Konya : </subfield>
    <subfield code="b">Karatay Belediyesi, </subfield>
    <subfield code="c">2012.</subfield>
  </datafield>
  <datafield tag="300" ind1=" " ind2=" ">
    <subfield code="a">c. "1.", (xiv, 561 s.) :</subfield>
    <subfield code="b"> fot&#x11F;., plan ; </subfield>
    <subfield code="c">30 sm.</subfield>
  </datafield>
  <datafield tag="504" ind1=" " ind2=" ">
    <subfield code="a">Bibliyografik bilgi i&#xE7;erir.</subfield>
  </datafield>
  <datafield tag="651" ind1=" " ind2="0">
    <subfield code="9">7384</subfield>
    <subfield code="a">Karatay (Konya, T&#xFC;rkiye)</subfield>
    <subfield code="x">Tarih</subfield>
  </datafield>
  <datafield tag="700" ind1=" " ind2=" ">
    <subfield code="9">7385</subfield>
    <subfield code="a">K&#xFC;&#xE7;&#xFC;kda&#x11F;, Yusuf</subfield>
    <subfield code="e">ed.</subfield>
  </datafield>
  <datafield tag="700" ind1=" " ind2=" ">
    <subfield code="9">7386</subfield>
    <subfield code="a">Erdemir, Ya&#x15F;ar</subfield>
    <subfield code="e">ed.</subfield>
  </datafield>
  <datafield tag="700" ind1=" " ind2=" ">
    <subfield code="9">7387</subfield>
    <subfield code="a">&#x15E;ahin, Bekir</subfield>
    <subfield code="e">ed.</subfield>
  </datafield>
  <datafield tag="942" ind1=" " ind2=" ">
    <subfield code="2">ddc</subfield>
    <subfield code="c">BKS</subfield>
  </datafield>
</record>
